[Event "Mike Shpan mem"]
[Site "Winnipeg CAN"]
[Date "1999.11.23"]
[Round "4"]
[White "Sadov, Sergey"]
[Black "Czypinski, Jaroslaw"]
[Result "1-0"]
[WhiteElo "2073"]
[BlackElo "1950"]
[PlyCount "179"]
[GameId "2160767911741932"]
[EventDate "1999.11.02"]
[EventType "swiss"]
[EventRounds "7"]
[EventCountry "CAN"]
[SourceTitle "EXT 2002"]
[Source "ChessBase"]
[SourceDate "2001.11.25"]
[SourceVersion "1"]
[SourceVersionDate "2001.11.25"]
[SourceQuality "1"]

1. e4 d5 2. exd5 Nf6 3. c4 e6 4. dxe6 Bxe6 5. Nf3 Nc6 6. Be2 Bc5 7. O-O O-O 8. a3 Nd4 9. Nxd4 Bxd4 10. Nc3 c6 11. d3 Qc7 12. Ne4 Rad8 13. Qc2 Nxe4 14. dxe4 f5 15. Bd3 Qd7 16. Bg5 Rde8 17. Rad1 c5 18. exf5 Bxf5 19. Bxf5 Qxf5 20. Qxf5 Rxf5 21. Bc1 Re2 22. Be3 Bxe3 23. fxe3 Rxf1+ 24. Kxf1 Rxb2 25. Rd5 Kf7 26. Rxc5 Kf6 27. Rb5 Ra2 28. Rxb7 Rxa3 29. Kf2 a5 30. Rb6+ Ke5 31. Rb7 Kf6 32. Ra7 Ra2+ 33. Kf3 a4 34. c5 Rc2 35. Rxa4 Rxc5 36. h4 h5 37. Rf4+ Ke6 38. Re4+ Kf6 39. Rb4 Rc6 40. Kf4 Rc2 41. Rb6+ Kf7 42. Kf3 Rc3 43. Rd6 Ra3 44. Rd2 Kf6 45. Kf4 Ra1 46. Rf2 Ra5 47. Rb2 Rf5+ 48. Ke4 Re5+ 49. Kd4 Ra5 50. e4 g5 51. hxg5+ Rxg5 52. Ke3 Rg4 53. Kf3 Rg5 54. Rb6+ Ke7 55. Rh6 Kf7 56. Rh8 Ke6 57. Re8+ Kd7 58. Rf8 Ke6 59. g3 Ke5 60. Rh8 Ke6 61. Rh7 Kf6 62. Rc7 Ke6 63. Rc6+ Ke7 64. Rc1 Ke6 65. Rd1 Rg7 66. Rd5 Rf7+ 67. Kg2 Rh7 68. Kh3 Kf6 69. Rf5+ Kg6 70. Kh4 Re7 71. Rg5+ Kf6 72. e5+ Ke6 73. Kxh5 Rh7+ 74. Kg4 Rh1 75. Rg8 Kxe5 76. Kg5 Ke6 77. Rg7 Rh2 78. g4 Rh1 79. Kg6 Rh2 80. g5 Rh1 81. Ra7 Rg1 82. Kh6 Rh1+ 83. Kg7 Rg1 84. g6 Rg2 85. Ra1 Re2 86. Rf1 Ke7 87. Kg8 Re4 88. g7 Re2 89. Rh1 Ra2 90. Kh7 1-0

[Event "Mike Shpan mem"]
[Site "Winnipeg CAN"]
[Date "1999.11.23"]
[Round "4"]
[White "Schulz, Manfred"]
[Black "Moffat, Ron"]
[Result "1-0"]
[WhiteElo "1941"]
[BlackElo "1585"]
[PlyCount "43"]
[GameId "2160767911741933"]
[EventDate "1999.11.02"]
[EventType "swiss"]
[EventRounds "7"]
[EventCountry "CAN"]
[SourceTitle "EXT 2002"]
[Source "ChessBase"]
[SourceDate "2001.11.25"]
[SourceVersion "1"]
[SourceVersionDate "2001.11.25"]
[SourceQuality "1"]

1. d4 d5 2. Nf3 Nf6 3. Bf4 e6 4. e3 Nbd7 5. Bd3 c5 6. c3 cxd4 7. exd4 Be7 8. O-O O-O 9. Nbd2 Re8 10. Ne5 Nxe5 11. Bxe5 Qb6 12. Qc2 h6 13. Nf3 Bd7 14. Qe2 Rac8 15. Rfe1 Kh8 16. Bf4 g5 17. Be5 Kg8 18. h4 Ng4 19. hxg5 Nxe5 20. Nxe5 Qd8 21. Qh5 f5 22. Qf7+ 1-0

[Event "Mike Shpan mem"]
[Site "Winnipeg CAN"]
[Date "1999.11.30"]
[Round "5"]
[White "Greenberg, Harley"]
[Black "Czypinski, Jaroslaw"]
[Result "0-1"]
[WhiteElo "1690"]
[BlackElo "1950"]
[PlyCount "84"]
[GameId "2160767911741934"]
[EventDate "1999.11.02"]
[EventType "swiss"]
[EventRounds "7"]
[EventCountry "CAN"]
[SourceTitle "EXT 2002"]
[Source "ChessBase"]
[SourceDate "2001.11.25"]
[SourceVersion "1"]
[SourceVersionDate "2001.11.25"]
[SourceQuality "1"]

1. e4 e5 2. Nf3 d5 3. exd5 Bd6 4. Bb5+ Bd7 5. Bxd7+ Nxd7 6. d3 f5 7. Ng5 Ngf6 8. Ne6 Qe7 9. c4 Nc5 10. Nxc5 Bxc5 11. Bg5 O-O 12. Bxf6 Qxf6 13. O-O e4 14. dxe4 fxe4 15. Nc3 Rae8 16. d6 Bxf2+ 17. Kh1 Qxd6 18. Qxd6 cxd6 19. Rad1 e3 20. Ne2 Rf6 21. g3 g5 22. Rd5 h6 23. Rfd1 Ree6 24. a4 Kf7 25. b4 b6 26. a5 bxa5 27. Rxa5 Re7 28. Rda1 Kg6 29. Rxa7 Rxa7 30. Rxa7 Be1 31. b5 Rf1+ 32. Kg2 Rf2+ 33. Kg1 Bb4 34. Ra2 Bd2 35. b6 Rxe2 36. Rb2 Re1+ 37. Kg2 Ba5 38. b7 Bc7 39. Rb6 e2 40. Kf3 g4+ 41. Kxg4 Rd1 42. c5 e1=Q 0-1

[Event "Mike Shpan mem"]
[Site "Winnipeg CAN"]
[Date "1999.11.30"]
[Round "5"]
[White "Khedkar, Jay"]
[Black "Klokow, John"]
[Result "1-0"]
[WhiteElo "1950"]
[BlackElo "1719"]
[PlyCount "21"]
[GameId "2160767911741935"]
[EventDate "1999.11.02"]
[EventType "swiss"]
[EventRounds "7"]
[EventCountry "CAN"]
[SourceTitle "EXT 2002"]
[Source "ChessBase"]
[SourceDate "2001.11.25"]
[SourceVersion "1"]
[SourceVersionDate "2001.11.25"]
[SourceQuality "1"]

1. e4 e5 2. Nf3 Nc6 3. Bb5 f5 4. Nc3 fxe4 5. Nxe4 Nf6 6. Qe2 d5 7. Neg5 Bd6 8. Nxe5 O-O 9. Nxc6 Qd7 10. Ne5 Qf5 11. d4 1-0

[Event "Mike Shpan mem"]
[Site "Winnipeg CAN"]
[Date "1999.11.30"]
[Round "5"]
[White "Schulz, Manfred"]
[Black "Sadov, Sergey"]
[Result "0-1"]
[WhiteElo "1941"]
[BlackElo "2073"]
[PlyCount "114"]
[GameId "2160767911741936"]
[EventDate "1999.11.02"]
[EventType "swiss"]
[EventRounds "7"]
[EventCountry "CAN"]
[SourceTitle "EXT 2002"]
[Source "ChessBase"]
[SourceDate "2001.11.25"]
[SourceVersion "1"]
[SourceVersionDate "2001.11.25"]
[SourceQuality "1"]

1. e4 e5 2. Nf3 Nc6 3. Nc3 Nf6 4. Bb5 Nd4 5. Nxd4 exd4 6. e5 dxc3 7. exf6 Qxf6 8. dxc3 Qe5+ 9. Qe2 Qxe2+ 10. Bxe2 Be7 11. O-O O-O 12. Bf4 d6 13. Rfe1 Bf6 14. Bd3 Bd7 15. Re3 Rfe8 16. Rae1 Kf8 17. Kf1 a5 18. Rxe8+ Rxe8 19. Rxe8+ Kxe8 20. Ke2 h5 21. Be4 b5 22. Kd3 g5 23. Bd2 c6 24. b3 Bd8 25. g3 d5 26. Bh7 Kf8 27. Ke2 Kg7 28. Bd3 c5 29. c4 dxc4 30. bxc4 b4 31. Be3 Be7 32. f4 Bg4+ 33. Kd2 gxf4 34. Bxf4 Bf6 35. Be4 a4 36. Be3 Be7 37. Bc6 a3 38. Be4 Be6 39. Kd3 Bh3 40. Bf3 Kg6 41. Be4+ f5 42. Bf3 Bf1+ 43. Be2 Bg2 44. Kd2 Be4 45. Kd1 Bd6 46. Kd2 Bg2 47. Kd3 h4 48. gxh4 f4 49. Bf2 f3 50. Bd1 Bf1+ 51. Kd2 Bxc4 52. h5+ Kh7 53. c3 b3 54. axb3 a2 55. Bc2+ Kh8 56. bxc4 a1=Q 57. h6 Bf4+ 0-1

[Event "Mike Shpan mem"]
[Site "Winnipeg CAN"]
[Date "1999.11.30"]
[Round "5"]
[White "Schulz, Waldemar"]
[Black "Weijs, Harry"]
[Result "1-0"]
[WhiteElo "2085"]
[BlackElo "1481"]
[PlyCount "63"]
[GameId "2160767911741937"]
[EventDate "1999.11.02"]
[EventType "swiss"]
[EventRounds "7"]
[EventCountry "CAN"]
[SourceTitle "EXT 2002"]
[Source "ChessBase"]
[SourceDate "2001.11.25"]
[SourceVersion "1"]
[SourceVersionDate "2001.11.25"]
[SourceQuality "1"]

1. d4 f5 2. g3 e6 3. Bg2 d5 4. Nf3 Nf6 5. c4 c6 6. O-O Bd6 7. Bf4 Bxf4 8. gxf4 O-O 9. Nbd2 Bd7 10. Ne5 Be8 11. Ndf3 Ne4 12. Qb3 Qe7 13. Rfd1 Bh5 14. Rd3 Na6 15. Qa3 Nb4 16. Rad1 a5 17. Rb3 Qc7 18. c5 Kh8 19. Qa4 Rg8 20. a3 Na6 21. h4 Nexc5 22. dxc5 Nxc5 23. Rxb7 Qxb7 24. Qxc6 Qxc6 25. Nxc6 Rgc8 26. Nfd4 Ra6 27. b4 axb4 28. axb4 Ne4 29. b5 Rb6 30. Nxe6 Rxb5 31. Na7 Bxe2 32. Re1 1-0

[Event "Mike Shpan mem"]
[Site "Winnipeg CAN"]
[Date "1999.12.07"]
[Round "6"]
[White "Czypinski, Jaroslaw"]
[Black "Moffat, Ron"]
[Result "1-0"]
[WhiteElo "1950"]
[BlackElo "1585"]
[PlyCount "45"]
[GameId "2160767911741938"]
[EventDate "1999.11.02"]
[EventType "swiss"]
[EventRounds "7"]
[EventCountry "CAN"]
[SourceTitle "EXT 2002"]
[Source "ChessBase"]
[SourceDate "2001.11.25"]
[SourceVersion "1"]
[SourceVersionDate "2001.11.25"]
[SourceQuality "1"]

1. e4 c5 2. d4 cxd4 3. c3 dxc3 4. Nxc3 d6 5. Nf3 Nf6 6. Bc4 e6 7. O-O Be7 8. Qe2 e5 9. Rd1 O-O 10. Nxe5 Qa5 11. Nf3 Nc6 12. Nb5 Ne5 13. Bd2 Nxf3+ 14. Qxf3 Qb6 15. h3 a6 16. Nc3 Qxb2 17. Rab1 Qa3 18. Nd5 Qc5 19. Nxe7+ Kh8 20. Rbc1 d5 21. Nxd5 Nxd5 22. Bxd5 Qe7 23. Be3 1-0

[Event "Mike Shpan mem"]
[Site "Winnipeg CAN"]
[Date "1999.12.07"]
[Round "6"]
[White "Sadov, Sergey"]
[Black "Khedkar, Jay"]
[Result "1-0"]
[WhiteElo "2073"]
[BlackElo "1950"]
[PlyCount "47"]
[GameId "2160767911741939"]
[EventDate "1999.11.02"]
[EventType "swiss"]
[EventRounds "7"]
[EventCountry "CAN"]
[SourceTitle "EXT 2002"]
[Source "ChessBase"]
[SourceDate "2001.11.25"]
[SourceVersion "1"]
[SourceVersionDate "2001.11.25"]
[SourceQuality "1"]

1. e4 c5 2. Nf3 d6 3. Bb5+ Bd7 4. Bxd7+ Nxd7 5. O-O Ngf6 6. Re1 e6 7. c4 Be7 8. Nc3 O-O 9. d4 cxd4 10. Nxd4 a6 11. b3 Rc8 12. Bb2 Qa5 13. Qd2 Rc5 14. Rad1 Re8 15. a4 Rh5 16. Ba3 Qc7 17. h3 Ne5 18. f4 Qb6 19. fxe5 dxe5 20. Bxe7 Rxe7 21. Qf2 exd4 22. Qxd4 Qxb3 23. e5 Rd7 24. Qe3 1-0

[Event "Mike Shpan mem"]
[Site "Winnipeg CAN"]
[Date "1999.12.07"]
[Round "6"]
[White "Trueman, Francis"]
[Black "Greenberg, Harley"]
[Result "0-1"]
[WhiteElo "1518"]
[BlackElo "1690"]
[PlyCount "58"]
[GameId "2160767911741940"]
[EventDate "1999.11.02"]
[EventType "swiss"]
[EventRounds "7"]
[EventCountry "CAN"]
[SourceTitle "EXT 2002"]
[Source "ChessBase"]
[SourceDate "2001.11.25"]
[SourceVersion "1"]
[SourceVersionDate "2001.11.25"]
[SourceQuality "1"]

1. Nf3 Nf6 2. d3 d5 3. g3 g6 4. Bg2 Bg7 5. Nbd2 O-O 6. O-O c5 7. c3 Nc6 8. Re1 d4 9. c4 e5 10. Nf1 h6 11. a3 e4 12. dxe4 Nxe4 13. N3d2 Nxd2 14. Nxd2 Be6 15. Qc2 Qd7 16. Ne4 b6 17. Bf4 Rad8 18. Bxh6 d3 19. exd3 Nd4 20. Qd1 Bg4 21. Bxg7 Kxg7 22. f3 Bh3 23. b4 Rh8 24. Bh1 f5 25. Ng5 f4 26. Nxh3 Qxh3 27. Qd2 fxg3 28. Re7+ Kg8 29. Qf4 Qxh2+ 0-1

[Event "Mike Shpan mem"]
[Site "Winnipeg CAN"]
[Date "1999.12.14"]
[Round "7"]
[White "Gibson, Kris"]
[Black "Trueman, Francis"]
[Result "1-0"]
[WhiteElo "1832"]
[BlackElo "1518"]
[PlyCount "105"]
[GameId "2160767911741941"]
[EventDate "1999.11.02"]
[EventType "swiss"]
[EventRounds "7"]
[EventCountry "CAN"]
[SourceTitle "EXT 2002"]
[Source "ChessBase"]
[SourceDate "2001.11.25"]
[SourceVersion "1"]
[SourceVersionDate "2001.11.25"]
[SourceQuality "1"]

1. e4 c6 2. d4 d5 3. Nc3 dxe4 4. Nxe4 Nd7 5. Bc4 Ngf6 6. Ng3 e6 7. Nf3 Bd6 8. Bg5 h6 9. Nh5 Qa5+ 10. Kf1 Nxh5 11. Bd2 Qc7 12. Ne5 Nxe5 13. dxe5 Bxe5 14. Qxh5 Bxb2 15. Re1 g6 16. Qf3 Bd7 17. c3 Ke7 18. Bf4 Qa5 19. Be5 Rh7 20. Qf6+ Kf8 21. Bd6+ Kg8 22. Re3 Ba3 23. Rd3 Bxd6 24. Rxd6 Qc5 25. Rd4 e5 26. Qxg6+ Kh8 27. Qf6+ Kg8 28. Rh4 Qf8 29. Bd3 Rh8 30. g4 Qg7 31. Qe7 f6 32. Qd6 Rd8 33. Rg1 Qf8 34. Bc4+ Kg7 35. Qc7 Qe7 36. Qa5 Be6 37. Be2 Rd2 38. c4 Rhd8 39. g5 hxg5 40. Rxg5+ fxg5 41. Qxe5+ Qf6 42. Rh7+ Kxh7 43. Qxf6 R8d6 44. Qe7+ Kg6 45. Qe8+ Kf5 46. Qh5 R2d4 47. c5 R6d5 48. Qh3+ Kf6 49. Qh7 Rh4 50. Qc2 Rxh2 51. Qc3+ Re5 52. Bf3 Bh3+ 53. Kg1 1-0

[Event "Mike Shpan mem"]
[Site "Winnipeg CAN"]
[Date "1999.12.14"]
[Round "7"]
[White "Khedkar, Jay"]
[Black "Czypinski, Jaroslaw"]
[Result "1-0"]
[WhiteElo "1950"]
[BlackElo "1950"]
[PlyCount "43"]
[GameId "2160767911741942"]
[EventDate "1999.11.02"]
[EventType "swiss"]
[EventRounds "7"]
[EventCountry "CAN"]
[SourceTitle "EXT 2002"]
[Source "ChessBase"]
[SourceDate "2001.11.25"]
[SourceVersion "1"]
[SourceVersionDate "2001.11.25"]
[SourceQuality "1"]

1. e4 d5 2. d4 c5 3. dxc5 e6 4. exd5 Bxc5 5. Bb5+ Bd7 6. dxe6 Bxf2+ 7. Kxf2 Qf6+ 8. Nf3 fxe6 9. Bxd7+ Nxd7 10. Nc3 Nh6 11. Bxh6 Qxh6 12. Qd6 Rd8 13. Rad1 Kf7 14. Rhe1 Rhe8 15. Ne4 Kg8 16. Qc7 Rc8 17. Qxd7 Rxc2+ 18. Kg1 Qg6 19. Neg5 h6 20. Qxe6+ Rxe6 21. Rd8+ Re8 22. Rexe8+ 1-0

[Event "Mike Shpan mem"]
[Site "Winnipeg CAN"]
[Date "1999.12.14"]
[Round "7"]
[White "Klokow, John"]
[Black "Sadov, Sergey"]
[Result "1/2-1/2"]
[WhiteElo "1719"]
[BlackElo "2073"]
[PlyCount "52"]
[GameId "2160767911741943"]
[EventDate "1999.11.02"]
[EventType "swiss"]
[EventRounds "7"]
[EventCountry "CAN"]
[SourceTitle "EXT 2002"]
[Source "ChessBase"]
[SourceDate "2001.11.25"]
[SourceVersion "1"]
[SourceVersionDate "2001.11.25"]
[SourceQuality "1"]

1. e4 e5 2. f4 exf4 3. Nf3 d5 4. exd5 Nf6 5. Bb5+ c6 6. dxc6 bxc6 7. Bc4 Qe7+ 8. Be2 Ba6 9. Nc3 Nd5 10. Nxd5 cxd5 11. d3 Qc7 12. O-O Bd6 13. d4 O-O 14. Bxa6 Nxa6 15. c3 Nb8 16. Qb3 Qc6 17. Ne5 Bxe5 18. dxe5 g5 19. Rd1 Rd8 20. c4 Qc5+ 21. Kh1 d4 22. g3 Qc6+ 23. Kg1 Qe4 24. gxf4 gxf4 25. Qd3 Qxe5 26. Rf1 Nc6 1/2-1/2

[Event "Mike Shpan mem"]
[Site "Winnipeg CAN"]
[Date "1999.12.14"]
[Round "7"]
[White "Moffat, Ron"]
[Black "Greenberg, Harley"]
[Result "1-0"]
[WhiteElo "1585"]
[BlackElo "1690"]
[PlyCount "59"]
[GameId "2160767911741944"]
[EventDate "1999.11.02"]
[EventType "swiss"]
[EventRounds "7"]
[EventCountry "CAN"]
[SourceTitle "EXT 2002"]
[Source "ChessBase"]
[SourceDate "2001.11.25"]
[SourceVersion "1"]
[SourceVersionDate "2001.11.25"]
[SourceQuality "1"]

1. d4 Nf6 2. c4 g6 3. Nc3 Bg7 4. e4 d6 5. Be2 O-O 6. Bg5 c6 7. Nf3 Qa5 8. O-O Bg4 9. Be3 Nbd7 10. Nd2 Bxe2 11. Qxe2 Nh5 12. f4 e5 13. fxe5 dxe5 14. d5 Nf4 15. Qd1 Nc5 16. Nb3 Nxb3 17. Qxb3 Bh6 18. Kh1 Kh8 19. g3 g5 20. gxf4 gxf4 21. Bf2 Qd8 22. Rg1 Qf6 23. Rg4 Rg8 24. Rag1 f3 25. Qxb7 Bf4 26. Rxg8+ Rxg8 27. Rxg8+ Kxg8 28. Qc8+ Kg7 29. Qg4+ Kf8 30. Bc5+ 1-0

[Event "Monarque Noir ch"]
[Site "Maria CAN"]
[Date "1999.06.08"]
[Round "4"]
[White "Gagnon, Conrad"]
[Black "Beaupre, Jean-Marie"]
[Result "1/2-1/2"]
[WhiteElo "1553"]
[BlackElo "1766"]
[PlyCount "85"]
[GameId "2160767911805131"]
[EventDate "1999.05.01"]
[EventType "swiss"]
[EventRounds "4"]
[EventCountry "CAN"]
[SourceTitle "Echec+ 1999.11"]

1. c4 Nf6 2. d4 g6 3. Nc3 Bg7 4. e4 d6 5. Be2 O-O 6. h4 h5 7. Bg5 Nh7 8. Be3 e5 9. d5 f5 10. exf5 Bxf5 11. Bd3 Bxd3 12. Qxd3 Qe8 13. O-O-O Nf6 14. f3 Qf7 15. Nh3 Nh7 16. Ng5 Nxg5 17. hxg5 Qf5 18. Ne4 Nd7 19. Rh3 b6 20. Nf6+ Bxf6 21. Qxf5 gxf5 22. gxf6 Nxf6 23. Bg5 Kf7 24. Bxf6 Kxf6 25. Rxh5 Rh8 26. Rdh1 Rxh5 27. Rxh5 Kg6 28. Rh3 Rf8 29. Rg3+ Kf6 30. Rh3 Rf7 31. Kd2 Rg7 32. g3 a5 33. a3 Kg5 34. Ke3 Re7 35. Kf2 Rf7 36. Rh8 Rg7 37. b4 axb4 38. axb4 Re7 39. Rg8+ Kf6 40. Rf8+ Kg6 41. Ke3 Kg5 42. Kf2 Kg6 43. Rh8 1/2-1/2

[Event "Montcalm I 1999-2000"]
[Site "Quebec CAN"]
[Date "1999.09.09"]
[Round "1"]
[White "Dorion, Francois"]
[Black "Auger, Bertrand"]
[Result "0-1"]
[WhiteElo "1724"]
[BlackElo "2028"]
[PlyCount "76"]
[GameId "2160767911742180"]
[EventDate "1999.09.09"]
[EventType "swiss"]
[EventRounds "4"]
[EventCountry "CAN"]

1. c4 Nf6 2. Nc3 e6 3. Nf3 b6 4. d4 Bb4 5. Bg5 Bb7 6. e3 O-O 7. Be2 d6 8. O-O Bxc3 9. bxc3 Nbd7 10. a4 a5 11. Rb1 Re8 12. Nd2 h6 13. Bh4 e5 14. Bf3 Bxf3 15. Qxf3 g5 16. Bg3 Qe7 17. h4 g4 18. Qd1 h5 19. f3 exd4 20. exd4 Qe3+ 21. Bf2 Qd3 22. Rb5 Re2 23. Ne4 Qxd1 24. Rxd1 Nxe4 25. fxe4 Nf6 26. Rg5+ Kh7 27. e5 Ne4 28. Rf5 Kg6 29. Rf4 Re8 30. exd6 cxd6 31. d5 Nxf2 32. Rxf2 g3 33. Rf3 Re1+ 34. Rf1 Rxd1 35. Rxd1 Re3 36. Kf1 Kf5 37. Rb1 Ke4 38. Rxb6 Rxc3 0-1

[Event "Montcalm I 1999-2000"]
[Site "Quebec CAN"]
[Date "1999.09.16"]
[Round "2"]
[White "Auger, Bertrand"]
[Black "L'Heureux, Clement"]
[Result "1-0"]
[WhiteElo "2028"]
[BlackElo "1883"]
[PlyCount "136"]
[GameId "2160767911742181"]
[EventDate "1999.09.09"]
[EventType "swiss"]
[EventRounds "4"]
[EventCountry "CAN"]

1. d4 c5 2. Nf3 cxd4 3. Nxd4 Nf6 4. g3 d5 5. Bg2 e5 6. Nf3 Nc6 7. O-O Bc5 8. Bg5 Be6 9. Nc3 e4 10. Nd2 Ne7 11. Bxf6 gxf6 12. Nb3 Bb6 13. Nd4 Bxd4 14. Qxd4 Nf5 15. Qa4+ Kf8 16. Rad1 b5 17. Qb4+ Qe7 18. Qxe7+ Nxe7 19. Nxb5 Rb8 20. a4 Kg7 21. b3 f5 22. Nxa7 Rhd8 23. Rd4 Rb7 24. Nb5 Bd7 25. c4 dxc4 26. bxc4 Nc6 27. Rd2 Ra8 28. Rfd1 Be6 29. f4 Rxa4 30. Nd6 Rb3 31. g4 Ne7 32. Rc1 Rba3 33. Rb2 h5 34. Rb7 Ra7 35. Rxa7 Rxa7 36. gxf5 Nxf5 37. Nxf5+ Bxf5 38. Kf2 Kf8 39. Rc3 h4 40. Ke3 Ra2 41. h3 Bg6 42. Bxe4 Bxe4 43. Kxe4 Rxe2+ 44. Kf3 Re1 45. Kg4 Rf1 46. Rd3 Ke7 47. Rd4 Ke6 48. Kxh4 Rg1 49. Rd5 f6 50. f5+ Ke7 51. c5 Rc1 52. Kg4 Rc3 53. h4 Ke8 54. Kh5 Ke7 55. Kg6 Rg3+ 56. Kh6 Rg4 57. h5 Rg8 58. c6 Rh8+ 59. Kg7 Rxh5 60. Rd7+ Ke8 61. Kg6 Rh8 62. Ra7 Rh1 63. c7 Kd7 64. Kxf6 Rf1 65. Kg6 Rg1+ 66. Kf7 Rf1 67. f6 Rf2 68. Kg7 Rg2+ 1-0

[Event "Montcalm I 1999-2000"]
[Site "Quebec CAN"]
[Date "1999.09.16"]
[Round "2"]
[White "Gadbois, Patrick"]
[Black "Beaudry, Marc-Andre"]
[Result "1-0"]
[WhiteElo "1855"]
[BlackElo "2050"]
[PlyCount "53"]
[GameId "2160767911742182"]
[EventDate "1999.09.09"]
[EventType "swiss"]
[EventRounds "4"]
[EventCountry "CAN"]
[SourceTitle "mab"]

1. d4 Nf6 2. c4 g6 3. Nc3 d5 4. Nf3 Bg7 5. Bf4 O-O 6. e3 c5 7. dxc5 Qa5 8. Rc1 Ne4 9. Be5 Bxe5 10. Nxe5 Nxc3 11. Rxc3 Qxa2 12. cxd5 Qxb2 13. Qc1 Qb4 14. Bd3 Nd7 15. Nxd7 Bxd7 16. O-O Bb5 17. Bxb5 Qxb5 18. Rd1 Rfd8 19. Qc2 Rac8 20. Rb1 Qd7 21. e4 Rc7 22. h3 Qc8 23. Rc1 f6 24. Qa2 Kg7 25. Qxa7 f5 26. f3 f4 27. Qb6 1-0

[Event "Montcalm I 1999-2000"]
[Site "Quebec CAN"]
[Date "1999.09.23"]
[Round "3"]
[White "Guimont, Claude"]
[Black "Beaudry, Marc-Andre"]
[Result "0-1"]
[WhiteElo "1395"]
[BlackElo "2050"]
[PlyCount "46"]
[GameId "2160767911742183"]
[EventDate "1999.09.09"]
[EventType "swiss"]
[EventRounds "4"]
[EventCountry "CAN"]
[SourceTitle "mab"]

1. e4 c5 2. Nf3 d6 3. d4 cxd4 4. Nxd4 Nf6 5. Nc3 e6 6. f3 e5 7. Nb3 Be6 8. Be3 Be7 9. Nd5 Bxd5 10. exd5 Nbd7 11. Be2 Qc7 12. c4 a5 13. a4 b6 14. O-O Nc5 15. Qc2 Nfd7 16. Nd2 O-O 17. Qf5 g6 18. Qh3 f5 19. f4 exf4 20. Bxf4 Bf6 21. Ra2 Rae8 22. Bf3 Nd3 23. Bh6 Qc5+ 0-1

[Event "Montcalm I 1999-2000"]
[Site "Quebec CAN"]
[Date "1999.09.23"]
[Round "3"]
[White "Sylvain, Gabriel"]
[Black "Auger, Bertrand"]
[Result "0-1"]
[WhiteElo "1547"]
[BlackElo "2028"]
[PlyCount "84"]
[GameId "2160767911742184"]
[EventDate "1999.09.09"]
[EventType "swiss"]
[EventRounds "4"]
[EventCountry "CAN"]

1. d4 e6 2. c4 Nf6 3. Nc3 Bb4 4. e3 Bxc3+ 5. bxc3 O-O 6. Bd3 d6 7. Nf3 Nbd7 8. O-O b6 9. Re1 Re8 10. e4 e5 11. Bg5 h6 12. Bh4 Nf8 13. Qc2 Ng6 14. Bg3 Nh5 15. Re3 Nxg3 16. fxg3 Bd7 17. Rf1 Re6 18. Nd2 Qg5 19. Ref3 Rf8 20. Kh1 Qd8 21. R1f2 Ree8 22. h3 f6 23. Nf1 Nh8 24. Ne3 Nf7 25. h4 h5 26. Nf5 g6 27. Ne3 Nh6 28. Qd2 Kg7 29. Nd5 Ng4 30. Rf1 c6 31. Ne3 f5 32. exf5 e4 33. Nxg4 hxg4 34. f6+ Kh7 35. Rf4 exd3 36. Qxd3 Rf7 37. h5 Rg8 38. Qe4 Qf8 39. Kg1 Qh6 40. hxg6+ Qxg6 41. Qxg6+ Kxg6 42. Re1 Rxf6 0-1

[Event "Montcalm I 1999-2000"]
[Site "Quebec CAN"]
[Date "1999.09.30"]
[Round "4"]
[White "Auger, Bertrand"]
[Black "Fecteau, Martin"]
[Result "1-0"]
[WhiteElo "2028"]
[BlackElo "1893"]
[PlyCount "51"]
[GameId "2160767911742185"]
[EventDate "1999.09.09"]
[EventType "swiss"]
[EventRounds "4"]
[EventCountry "CAN"]

1. Nf3 g6 2. g3 Bg7 3. d4 f5 4. Bg2 Nf6 5. O-O O-O 6. c4 d6 7. Nc3 Nc6 8. b3 Nh5 9. Bb2 e5 10. dxe5 Nxe5 11. Nxe5 Bxe5 12. Qd5+ Kh8 13. Rad1 Qe7 14. f4 Bg7 15. Qd2 Rb8 16. Rfe1 Nf6 17. e4 fxe4 18. Nxe4 Nxe4 19. Rxe4 Qf7 20. Rde1 Bxb2 21. Qxb2+ Qg7 22. Qxg7+ Kxg7 23. Re7+ Rf7 24. Bd5 Rxe7 25. Rxe7+ Kf6 26. Rf7# 1-0

[Event "Montcalm I 1999-2000"]
[Site "Quebec CAN"]
[Date "1999.10.07"]
[Round "4"]
[White "Beaudry, Marc-Andre"]
[Black "Provost, Andre"]
[Result "1-0"]
[WhiteElo "2050"]
[BlackElo "1415"]
[PlyCount "135"]
[GameId "2160767911742186"]
[EventDate "1999.09.09"]
[EventType "swiss"]
[EventRounds "4"]
[EventCountry "CAN"]

1. c4 e6 2. Nf3 c6 3. d4 d5 4. Nbd2 Nf6 5. e3 Qa5 6. Bd3 dxc4 7. Bxc4 b5 8. Bd3 Be7 9. O-O O-O 10. Qc2 h6 11. Nb3 Qc7 12. Bxb5 Ba6 13. Bxa6 Nxa6 14. Qc4 Qb6 15. Bd2 Rac8 16. Ne5 c5 17. Rfc1 cxd4 18. Qxc8 Rxc8 19. Rxc8+ Bf8 20. exd4 Nb4 21. Bxb4 Qxb4 22. Rac1 a5 23. Nc6 Qd6 24. Nbxa5 Kh7 25. g3 Nd5 26. Rd8 Qc7 27. Rxf8 Nb4 28. a3 Nd3 29. Rc2 e5 30. dxe5 Nxe5 31. Rc3 Qd6 32. Rd8 Qf6 33. Rd1 Nf3+ 34. Kg2 Ng5 35. h4 Ne4 36. Rf3 Qxb2 37. Rxf7 Nd2 38. Nc4 Nxc4 39. Rdd7 Nxa3 40. Rxg7+ Qxg7 41. Rxg7+ Kxg7 42. Kf3 Nc4 43. Kf4 Nd6 44. h5 Kf6 45. Nd4 Nf7 46. Nf5 Ng5 47. g4 Ne6+ 48. Kg3 Kg5 49. Ne7 Nf4 50. Ng6 Ne2+ 51. Kf3 Ng1+ 52. Kg2 Ne2 53. f3 Nd4 54. Kf2 Ne6 55. Kg3 Nd4 56. f4+ Kf6 57. Nh4 Ne2+ 58. Kf3 Ng1+ 59. Ke4 Nh3 60. Nf5 Nf2+ 61. Kf3 Nh3 62. Nxh6 Ng1+ 63. Ke4 Nh3 64. Nf5 Nf2+ 65. Kf3 Nh3 66. Ng3 Ng5+ 67. fxg5+ Kxg5 68. Ne4+ 1-0

[Event "Montcalm II 1999-2000"]
[Site "Quebec CAN"]
[Date "1999.10.14"]
[Round "1"]
[White "Hebert, Marc"]
[Black "Auger, Bertrand"]
[Result "0-1"]
[WhiteElo "1733"]
[BlackElo "2062"]
[PlyCount "72"]
[GameId "2160767911742063"]
[EventDate "1999.10.07"]
[EventType "swiss"]
[EventRounds "4"]
[EventCountry "CAN"]

1. e4 e6 2. d4 d5 3. Nc3 Bb4 4. e5 c5 5. a3 Bxc3+ 6. bxc3 Ne7 7. Qg4 Qc7 8. Qxg7 Rg8 9. Qxh7 cxd4 10. Qd3 Qxe5+ 11. Ne2 dxc3 12. Bf4 Qf5 13. Qxc3 Nbc6 14. Bd6 e5 15. f3 Rg6 16. Bc5 b6 17. Bf2 Ba6 18. Ng3 Qc8 19. O-O-O d4 20. Qb2 Bxf1 21. Rhxf1 Na5 22. Rfe1 Nc4 23. Qb5+ Qc6 24. a4 Rc8 25. Re2 a6 26. Qxc6+ Rgxc6 27. Rd3 f6 28. f4 Kf7 29. fxe5 fxe5 30. Ne4 Nd5 31. Bxd4 exd4 32. Rxd4 Nce3 33. Rxe3 Rxc2+ 34. Kb1 Rc1+ 35. Kb2 R8c2+ 36. Kb3 Nxe3 0-1

[Event "Montcalm II 1999-2000"]
[Site "Quebec CAN"]
[Date "1999.10.14"]
[Round "1"]
[White "Wirth, Thierry"]
[Black "Beaudry, Marc-Andre"]
[Result "0-1"]
[WhiteElo "1754"]
[BlackElo "2032"]
[PlyCount "76"]
[GameId "2160767911742064"]
[EventDate "1999.10.07"]
[EventType "swiss"]
[EventRounds "4"]
[EventCountry "CAN"]

1. e4 c5 2. Nf3 d6 3. d4 cxd4 4. Nxd4 Nf6 5. Nc3 e6 6. Be2 Be7 7. O-O Nc6 8. Be3 O-O 9. Bf3 Bd7 10. g3 a6 11. Bg2 Qc7 12. f4 b5 13. Qf3 Nxd4 14. Bxd4 e5 15. Be3 Rac8 16. f5 Bc6 17. g4 h6 18. g5 hxg5 19. Bxg5 Rfd8 20. Bxf6 Bxf6 21. Qg4 Qb6+ 22. Kh1 Qe3 23. Rae1 Qg5 24. Qe2 Qh6 25. Rf3 Bg5 26. Rh3 Qf6 27. Qh5 Kf8 28. Qd1 Bh6 29. Rd3 Bf4 30. Ne2 Bg5 31. Nc3 Ke7 32. Qe2 Rh8 33. Qf2 g6 34. Qa7+ Kf8 35. Qxa6 Kg7 36. Rh3 Bf4 37. Rxh8 Rxh8 38. Qxc6 Qh4 0-1